| 000 | 00756nam a2200241 u 4500 | ||
|---|---|---|---|
| 005 | 20230418063522.0 | ||
| 008 | 120627s2008 ag r 000 0 spa d | ||
| 020 | _a9789876120999 | ||
| 035 | _aUPN01000185508 | ||
| 049 | _aCG | ||
| 050 | 4 |
_aHQ798 _bH5.2 |
|
| 100 | 1 | _aHilf, Oliver | |
| 245 | 1 | 4 |
_aLos chicos son distintos : _b¡guía para chicas! / _cOliver Hilf, Corinna Streng ; tr. Mariana Magnus. |
| 260 |
_aBuenos Aires : _bV & R, _cc2008. |
||
| 300 |
_a83 p. : _bil. |
||
| 650 | 4 |
_aMujeres adolescentes _94095 |
|
| 650 | 0 |
_aAdolescentes _xConducta de vida _91767 |
|
| 650 | 4 |
_aRELACIONES INTERPERSONALES EN LA ADOLESCENCIA _910514 |
|
| 650 | 2 |
_aPubertad _914834 |
|
| 700 | 1 |
_aStreng, Corinna, _ecoaut. |
|
| 905 | _aLibro | ||
| 999 |
_c157611 _d157611 |
||